My first book of opposites

Bibliographic Details
Other Authors: Park, Julie (Illuminator)
Format: Book
Language:English
PhysicalDescription:[28] s. fareb. ilustr. 22 cm
Published: Almaty Almatykitap 2001
ISBN:5766732236
Edition:[1st ed.]
Subjects:

MARC

LEADER 00000nam a2200000 a 4500
001 vtls001442586
003 SK-MaSNL
005 20260331204414.0
008 130607sm y0 xo 0 eng
020 |a 5766732236 
035 |a SNK000397801 
040 |a SNK  |b slo  |c SNK  |e AACR2 
044 |a xo  |c SK 
072 7 |a 373.2/.3  |x Predškolská a primárna výchova a vzdelávanie  |2 konspekt 
072 7 |a 821-93  |x Literatúra pre deti a mládež  |2 konspekt 
080 |a 373.2  |2 1981 
080 |a 821-93  |2 1981 
080 |a (0.025.2)  |2 1981 
100 1 |a Park, Julie  |4 ilu  |9 293042 
245 1 |a My first book of opposites  |h grafika  |c illustrated by Julie Park 
250 |a [1st ed.] 
260 |a Almaty  |b Almatykitap  |c 2001 
300 |a [28] s.  |b fareb. ilustr.  |c 22 cm 
500 |a Súbežný text kazach. a rus. 
650 0 7 |a predškolská výchova  |2 SNKPH  |9 3959 
655 7 |a GKH  |2 SNKPH  |9 283815 
655 7 |a publikácie pre deti  |2 SNKPH  |9 70148 
919 |a 5-7667-3223-6 
999 |c 986661  |d 988591 
952 |t P60, <03>, [BOOK], {603}  |a SNK  |b SNK  |y PREZ  |7 0  |p 17A0359874  |o snkOSC 21808  |i snkKSP 12683/2002  |0 0  |1 0  |4 0  |d 2002-10-18  |l 0  |r 2005-01-02 00:00:00  |w 2026-02-24